<?xml version="1.0" encoding="UTF-8"?>
<collection xmlns="http://www.loc.gov/MARC21/slim">
 <record>
  <leader>01349nam a2200217Ia 4500</leader>
  <controlfield tag="001">TDMU_14122</controlfield>
  <controlfield tag="008">210410s9999    xx            000 0 und d</controlfield>
  <datafield tag="082" ind1=" " ind2=" ">
   <subfield code="a">324.2 59774 075</subfield>
  </datafield>
  <datafield tag="090" ind1=" " ind2=" ">
   <subfield code="b">B105</subfield>
  </datafield>
  <datafield tag="100" ind1=" " ind2=" ">
   <subfield code="a">Ban Chấp hành Đảng Bộ tỉnh Bình Dương</subfield>
  </datafield>
  <datafield tag="245" ind1=" " ind2="0">
   <subfield code="a">Lịch sử Đảng Bộ tỉnh Bình Dương (1945 - 2010)</subfield>
  </datafield>
  <datafield tag="245" ind1=" " ind2="0">
   <subfield code="c">Ban Thường vụ Tỉnh ủy Bình Dương - Ban Chấp hành Đẩng bộ tỉnh Bình Dương</subfield>
  </datafield>
  <datafield tag="260" ind1=" " ind2=" ">
   <subfield code="a">H.</subfield>
  </datafield>
  <datafield tag="260" ind1=" " ind2=" ">
   <subfield code="b">Chính trị quốc gia</subfield>
  </datafield>
  <datafield tag="260" ind1=" " ind2=" ">
   <subfield code="c">2011</subfield>
  </datafield>
  <datafield tag="300" ind1=" " ind2=" ">
   <subfield code="a">692tr.</subfield>
  </datafield>
  <datafield tag="520" ind1=" " ind2=" ">
   <subfield code="a">Giới thiệu công trình khoa học đánh giá toàn diện, khách quan, khoa học về lịch sử Đảng bộ tỉnh Bình Dương giai đọan 1975 - 2010 nhằm làm nổi bật sự lãnh đạo của Đảng và công lao đóng góp của Đảng bộ và nhân dân Bình Dương đồng thời rút ra bài học kinh nghiệm qua những chặng đường trong công cuộc xây dựng và bảo vệ tổ quốc. </subfield>
  </datafield>
  <datafield tag="650" ind1=" " ind2=" ">
   <subfield code="a">Đảng Cộng Sản</subfield>
   <subfield code="z">Bình Dương</subfield>
   <subfield code="y">(1975 - 2010)</subfield>
  </datafield>
  <datafield tag="700" ind1=" " ind2=" ">
   <subfield code="a">Huỳnh, Ngọc Đáng</subfield>
  </datafield>
  <datafield tag="856" ind1=" " ind2=" ">
   <subfield code="u">http://lrc.tdmu.edu.vn/opac/search/detail.asp?aID=2&amp;ID=14122</subfield>
  </datafield>
  <datafield tag="980" ind1=" " ind2=" ">
   <subfield code="a">Trung tâm Học liệu Trường Đại học Thủ Dầu Một</subfield>
  </datafield>
 </record>
</collection>
